000 00326nam a22000977a 4500
008 231124b |||||||| |||| 00| 0 eng d
245 _aJotting from the field :
_bstudent journal of the Anthropology programme /
260 _aThimphu:
_bRoyal Thimphu College,
_c2023.
300 _a84 p:
_bVol.4, No.1 (2024),
_c29 cm
942 _2ddc
999 _c10081
_d10082